Applying ISO 9000 quality management systems.
| Main Author: | |
|---|---|
| Format: | Book |
| Published: |
Geneva:
International Trade Centre,
1996.
|
| Subjects: |
| LEADER | 00499cam a2200181 7i4500 | ||
|---|---|---|---|
| 001 | 0000007092 | ||
| 005 | 19991025090000.0 | ||
| 002 | ##000008829 | ||
| 020 | 0 | 0 | |a 92-9137-046-0 |
| 090 | 0 | 0 | |a B 658.562 |b ARO |
| 100 | 0 | 0 | |a Arora |
| 245 | 0 | 0 | |a Applying ISO 9000 quality management systems. |
| 260 | 0 | 0 | |a Geneva: |b International Trade Centre, |c 1996. |
| 300 | 0 | 0 | |a 139 p.. |
| 650 | 0 | 0 | |a Standards |
| 650 | 0 | 0 | |a ISO 9000 |
| 650 | 0 | 0 | |a Management systems |
| 999 | |a 0000009689 |b Book |c Open shelf |e Business Information Centre | ||


